Chocolate Bars Quiz Stats

 Plays Quiz not verified by Sporcle

Score 0/44 Timer 10:00
0 Plays Today
% Correct
Snickers
76.1%
Snickers
75.7%
Kit-Kat
69.3%
Twix
68.6%
Milky Way
67.9%
Mars Bar
60.3%
Dairy Milk
58.7%
Galaxy
55%
Bounty
54.8%
Crunchie
50%
Twirl
46.8%
Aero
46.6%
Double Decker
45.2%
Wispa
44.7%
Flake
39.4%
Boost
37.8%
Yorkie
36.9%
Lion
36.7%
Curly Wurly
36.5%
Milkybar
36%
Maltesers
35.3%
Fudge
34.4%
% Correct
Freddo
30%
Caramac
29.1%
Rolo
28.4%
M&M
27.8%
Creme Egg
26.6%
Smarties
26.6%
Starbar
25%
Fruit and Nut
23.9%
Minstrels
22.9%
Munchies
21.3%
After Eight
19%
Bournville
19%
Chocolate Buttons
18.3%
Chocolate Orange
17.4%
Kinder Egg
17.4%
Magic Stars
15.4%
Penguin
14%
Mini Eggs
12.6%
Squares
10.1%
Buttercups
6%
Peppermint Cream
4.4%
Bingo
3%

You're not logged in!

Compare scores with friends on all Sporcle quizzes.
OR
Log In

Sporcle TV

Today on Sporcle TV


Watch our educational content, quiz creation guides, and fun videos on Sporcle TV.

Show Comments

Extras

Top Quizzes Today


Score Distribution

Your Account Isn't Verified!

In order to create a playlist on Sporcle, you need to verify the email address you used during registration. Go to your Sporcle Settings to finish the process.

Report this User

Report this user for behavior that violates our Community Guidelines.

Details: